Nhiên liệu và dầu mỡ dùng cho xe máy

में बचाया:
ग्रंथसूची विवरण
मुख्य लेखक: Nguyễn Ngọc Am
स्वरूप: पुस्तक
भाषा:Undetermined
प्रकाशित: Hà Nội Công nhân kĩ thuật 1977
विषय:
टैग : टैग जोड़ें
कोई टैग नहीं, इस रिकॉर्ड को टैग करने वाले पहले व्यक्ति बनें!
Thư viện lưu trữ: Trung tâm Học liệu Trường Đại học Cần Thơ
LEADER 00498nam a2200169Ia 4500
001 CTU_14650
008 210402s9999 xx 000 0 und d
082 |a 629.2538 
082 |b A104 
100 |a Nguyễn Ngọc Am 
245 0 |a Nhiên liệu và dầu mỡ dùng cho xe máy 
245 0 |c Nguyễn Ngọc Am 
260 |a Hà Nội 
260 |b Công nhân kĩ thuật 
260 |c 1977 
650 |a motobycle 
980 |a Trung tâm Học liệu Trường Đại học Cần Thơ